Statistics for States without L.D.S Temples

Click here to take the quiz!

General Stats

  • This quiz has been taken 68 times
    (16 since last reset)
  • The average score is 8 of 10

Answer Stats

State% Correct
Vermont
100%
Maine
94%
Rhode Island
94%
Delaware
81%
New Hampshire
81%
West Virginia
75%
Mississippi
69%
South Dakota
69%
Wisconsin
69%
New Jersey
63%

Score Distribution

Percentile by Number Answered

Percent of People with Each Score

Your Score History

You have not taken this quiz since the last reset